Normal view
MARC view
- OPPENHEIM,V.ALAN
Entry Personal Name
001 - CONTROL NUMBER
- control field: 91535
003 - CONTROL NUMBER IDENTIFIER
- control field: NUST
005 - DATE AND TIME OF LATEST TRANSACTION
- control field: 20220512163838.0
008 - FIXED-LENGTH DATA ELEMENTS
- fixed length control field: 220512|| aca||aabn | a|a d
040 ## - CATALOGING SOURCE
- Original cataloging agency: NUST
- Transcribing agency: NUST
100 ## - HEADING--PERSONAL NAME
- Personal name: OPPENHEIM,V.ALAN
670 ## - SOURCE DATA FOUND
- Source citation: Work cat.: (NUST): OPPENHEIM,V.ALAN., DISCRETE TIME SIGNAL PROCESSING /, 2020.
